00835cam a22002411 4500001001300000003000400013005001700017008004100034010001700075035001800092040001900110042001200129050002900141100003400170245009900204250001300303260005000316300007000366410004600436500004300482650005100525999001700576gs 56000335 DLC20260227111404.0720309s1954 xx 000 0 eng  ags 56000335  a(OCoLC)259831 aDLCcOAkUdDLC apremarc00aQE185b.A2 no. 223, 19541 aKindle, Edward Darwin,d1906-10aMineral resources, Hazelton and Smithers areas, Cassiar and Coast districts, British Columbia. aRev. ed. aOttawa,bE. Cloutier, Queen's printer,c1954. av, 148 p.billus., maps (part fold., part col.) profiles, tables.20aGeological Survey of Canada.tMemoirv223 aPart of illustrative matter in pocket. 0aMines and mineral resourceszBritish Columbia. c29103d29103